Historia crítica de la literatura gallega (Record no. 154548)

MARC details
000 -LEADER
campo de control de longitud fija 01059nam a2200241 i 4500
001 - NÚMERO DE CONTROL
campo de control 154548
003 - IDENTIFICADOR DE NÚMERO DE CONTROL
campo de control ES-MaACL
005 - FECHA Y HORA DE LA ÚLTIMA TRANSACCIÓN
campo de control 20230906205755.0
008 - DATOS DE LONGITUD FIJA--INFORMACIÓN GENERAL
campo de control de longitud fija 940206s1887 sp |||| | spa d
100 1# - ENTRADA PRINCIPAL--NOMBRE DE PERSONA
Nombre de persona González Besada, Augusto,
Fechas asociadas al nombre 1865-1919
9 (RLIN) 58456
245 10 - MENCIÓN DEL TÍTULO
Título Historia crítica de la literatura gallega
Resto del título : Edad Antigua /
Mención de responsabilidad, etc. Augusto G. Besada.
260 ## - PUBLICACIÓN, DISTRIBUCIÓN, ETC.
Lugar de publicación, distribución, etc. La Coruña :
Nombre del editor, distribuidor, etc. Latorre Martínez,
Fecha de publicación, distribución, etc. 1887 (
Fabricante Tip. de La Voz de Galicia, a cargo de José M. Márquez)
300 ## - DESCRIPCIÓN FÍSICA
Extensión 2 v. (XII, 174 ; 98 p.) ;
Dimensiones 20 cm.
490 1# - MENCIÓN DE SERIE
Mención de serie Biblioteca gallega ;
Designación de volumen o secuencia 8, 11
500 ## - NOTA GENERAL
Nota general No se publicó más.
530 ## - NOTA DISPONIBLE DE FORMULARIO FÍSICO ADICIONAL
Nota de formato físico adicional disponible Disponible en formato digital.
596 ## - NOTA AL PIE DE IMPRENTA
NOTA AL PIE DE IMPRENTA Pie de imp. en v. II: La Coruña : Andrés Martínez, 1887 (José Miguez Peinó y Hermano)
650 #4 - PUNTO DE ACCESO ADICIONAL DE MATERIA--TÉRMINO DE MATERIA
Término de materia o nombre geográfico como elemento de entrada Literatura galaico-portuguesa-
Subdivisión general Historia y crítica.
9 (RLIN) 167587
830 0# - PUNTO DE ACCESO ADICIONAL DE SERIE-TÍTULO UNIFORME
Título uniforme Biblioteca gallega ;
Designación de volumen o secuencia 8, 11
9 (RLIN) 180864
852 ## - LOCALIZACIÓN
Ubicación ES-MaACL
Número de control de estantería G-8504-05
Nota libre - Enc. hol.
856 ## - LOCALIZACIÓN Y ACCESO ELECTRÓNICOS
Identificador Uniforme de Recursos <a href="http://bdh-rd.bne.es/viewer.vm?id=0000206412&page=1 ">http://bdh-rd.bne.es/viewer.vm?id=0000206412&page=1 </a>
Nota pública Biblioteca Digital Hispánica
Holdings
Estatus retirado Estado de pérdida Estado de daño No para préstamo Colección Biblioteca de origen Biblioteca actual Ubicación en estantería Fecha de adquisición Total de préstamos Signatura topográfica completa Código de barras Visto por última vez Precio de reemplazo Tipo de ítem Koha
        Colección digital Biblioteca del Ateneo de Madrid Biblioteca del Ateneo de Madrid Sala Pecera Planta 3 17/01/2008   G-8504-05 1161634 23/02/2023 23/02/2023 Libro impreso antiguo